国鉄185系駅名対照表クイズ - Statistics

General Stats
  • This quiz has been taken 29 times
  • The average score is 16 of 49
Answer Stats
番号 % Correct
02 臨時
95%
05 回送
95%
09 特急踊り子東京
91%
13 特急踊り子伊豆急下田
91%
14 特急踊り子修善寺
82%
03 団体
73%
15 特急踊り子新宿
68%
20 特急草津長野原草津口
68%
19 特急草津上野
64%
17 特急踊り子大宮
59%
26 特急あかぎ高崎
59%
49 特急あかぎ上野
59%
21 特急草津万座・鹿沢口
55%
47 特急あかぎ前橋
55%
23 特急水上上野
50%
24 特急水上水上
50%
08 湘南ライナー
45%
48 特急あかぎ新前橋
45%
27 特急はまかいじ松本
41%
28 特急はまかいじ横浜
41%
01 修学旅行
27%
29 快速ムーンライトながら大垣
27%
30 快速ムーンライトながら東京
27%
04 臨時快速
23%
37 臨時特急
23%
25 特急あかぎ新宿
18%
33 ホームライナー鴻巣
18%
34 ホームライナー古河
18%
32 おはようライナー新宿
14%
45 伊東
14%
31 ホームライナー小田原
9%
35 快速新宿
9%
36 快速上野
9%
38 快速大宮
9%
06 快速青梅
5%
12 快速横川
5%
41 快速高崎
5%
43 快速土合
5%
44 快速石打
5%
07 快速奥多摩
0%
10 快速甲府
0%
11 快速河口湖
0%
16 快速千葉
0%
18 快速成田
0%
22 快速鎌倉
0%
39 快速小山
0%
40 快速宇都宮
0%
42 快速桐生
0%
46 快速逗子
0%
No matching quizzes found
Score Distribution
Percent of People with Each Score
Percentile by Number Answered
Your Score History
You have not taken this quiz